Les mois de l'année par image. - Statistiques

Statistiques générales
  • Ce quiz a été pris 796 fois
  • Le résultat moyen est 10 sur 12
Statistiques - réponses
Par images Réponse % Correct
Février
95%
Octobre
95%
Septembre
90%
Avril
87%
Juin
86%
Juillet
84%
Août
83%
Décembre
83%
Mars
82%
Janvier
81%
Mai
66%
Novembre
64%
Aucun quiz correspondant
Distribution des résultats
% des personnes avec chaque résultat
Percentile par nombre de réponses
Votre historique - résultats
Vous n’avez pas pris ce quiz